000 00766nam a2200277Ia 4500
001 53600
005 20240114005351.0
007 ta
008 110211s2008 g b000 u asm u
040 _aCotton College,Assam
041 _aasm
082 _a891.4109
_bBe 469 Tu
100 _aBezborah, Dr.Niranjana Mahanta .
245 0 _aTulanamulak Sahitya : Siddhanta Aru Prayog /
_cDr.Niranjana Mahanta Bezborah.
_hTextual Documents
250 _a2nd ed. /
260 _aGuwahati :
_bBanalata ,
_c2008.
300 _a70pg ;
_c19cm.
653 _aAssamese literature- Criticism
653 _aDeptt- Assamese
653 _aG- Assamese
942 _2ddc
_cBK
999 _c53563
_d53563